|
|
|
|
| LEADER |
00000nam a2900000 4500 |
| 001 |
000073334 |
| 005 |
20061219223600.0 |
| 008 |
970303s1966 000 spa d |
| 050 |
|
4 |
|a BX1428
|b R5.33
|
| 090 |
|
|
|a BX1428
|b R5.33
|
| 100 |
1 |
|
|a Richard, Robert
|
| 245 |
1 |
4 |
|a The spiritual conquest of Mexico :
|b an Essay on the apostolate and the evagelizing methods
|
| 260 |
|
|
|a Berkeley :
|b University of California Press,
|c 1966
|
| 300 |
|
|
|a 423 p. :
|b /4/ h. de láms.
|
| 650 |
|
4 |
|a Iglesia Católica
|x México
|
| 650 |
|
4 |
|a México
|x Historia eclesiástica
|
| 650 |
|
4 |
|a Indios de México
|x Misiones
|
| 650 |
|
4 |
|a México
|x Historia
|x Conquista, 1519-1540
|
| 905 |
|
|
|a LIBROS
|
| 949 |
|
|
|a Biblioteca UAM Iztapalapa
|b Colección General
|c BX1428 R5.33
|